Central Library OPAC University of Rajshahi

Forest influences : (Record no. 13936)

MARC details
000 -LEADER
fixed length control field 00951cam a22002531 4500
001 - CONTROL NUMBER
control field 13936
003 - CONTROL NUMBER IDENTIFIER
rucl marc code BD-RjUL
005 - DATE AND TIME OF LATEST TRANSACTION
control field 20211208235535.0
008 - FIXED-LENGTH DATA ELEMENTS--GENERAL INFORMATION
fixed length control field 140203s1948 nyuab b 001 0 eng d
035 ## - SYSTEM CONTROL NUMBER
System control number (BD-RjUL)13988
040 ## - CATALOGING SOURCE
Original cataloging agency U.S. Dept. of Agr. Libr.
Transcribing agency CtWeharU
Modifying agency OCoLC
-- DLC
-- (BD-RjUL)
Language of cataloging eng
041 ## - LANGUAGE CODE
Language code of text/sound track or separate title eng
082 00 - DEWEY DECIMAL CLASSIFICATION NUMBER
Classification number 634.9
Author mark and year KIF 1948
100 1# - MAIN ENTRY--PERSONAL NAME
Personal name Kittredge, Joseph,
Dates associated with a name 1890-
9 (RLIN) 43568
245 10 - TITLE STATEMENT
Title Forest influences :
Remainder of title the effects of woody vegetation on climate, water, and soil, with applications to the conservation of water and the control of floods and erosion /
Statement of responsibility, etc. by Joseph Kittredge
260 ## - PUBLICATION, DISTRIBUTION, ETC. (IMPRINT)
Place of publication, distribution, etc. New York ;
-- London :
Name of publisher, distributor, etc. McGraw-Hill Book Co.,
Date of publication, distribution, etc. c1948.
300 ## - PHYSICAL DESCRIPTION
Pagination x, 394 p. :
Illustrations illus. ;
Size 24 cm.
490 0# - SERIES STATEMENT
Series statement The American forestry series
504 ## - BIBLIOGRAPHY, ETC. NOTE
Bibliography, etc Includes bibliographical References: (p. 369-386) and index
650 #0 - SUBJECT ADDED ENTRY--TOPICAL TERM
Topical term or geographic name as entry element Forest influences.
9 (RLIN) 43569
942 ## - ADDED ENTRY ELEMENTS (KOHA)
Source of classification or shelving scheme Dewey Decimal Classification
Koha item type Books
Holdings
Lost status Source of classification or shelving scheme Damaged status Not for loan Collection code Permanent Location Current Location Shelving location Date acquired Source of acquisition Cost, normal purchase price Total Checkouts Full call number Date last seen Copy number Koha item type
  Dewey Decimal Classification   Not For Loan Non-fiction Central Library, University of Rajshahi Central Library, University of Rajshahi Reading Room 05/03/1956 B.H.blackwell 2.90   634.9 KIF 1948 03/02/2014 C-1 Books